| 000 | 00000nas##2200000za#4500 |
| 001 | 9.505229 |
| 003 | CaOODSP |
| 005 | 20210927150236 |
| 007 | cr ||||||||||| |
| 008 | 150406c2002||||xxc|| p o||||f| |0eng|d |
| 022 | |a1704-7315 |
| 040 | |aCaOODSP|beng |
| 043 | |an-cn--- |
| 086 | 1 |aR12-19E-PDF |
| 110 | 1 |aCanada. |bIndian and Northern Affairs Canada. |
| 245 | 10|aUpdate : |h[electronic resource]|bdevelopments of interest to Aboriginal people |
| 246 | 1 |iVariant title : |aUpdate : news of interest to Aboriginal people from the Government of Canada |
| 260 | |aOttawa - Ontario : |bIndian and Northern Affairs |
| 310 | |aQuarterly |
| 362 | 1 |aWinter 2002 - Spring/Summer 2006? |
| 500 | |aIrregular. Title from caption. Subtitle varies. |
| 500 | |aSubtitle varies. "During the next few months, Update is going to take the opportunity to have a little down time. We will take a look at what works about Update and what we might like to change to better serve all our audiences. We expect to be back in 2007, with a newsletter that will continue to serve your needs, and at the same time provide a broader range of information of interest to First Nations, Inuit, and Métis audiences."--page 4 of 6 (Spring/Summer 2006). |
| 520 | 3 |aThis quarterly newsletter provides news and inspirational stories for and about Aboriginal people. Topics covered include business and economic development; arts and culture; education and training; and a variety of social services. Includes information on job opportunities and new resources. |
| 690 | 07|aIndigenous peoples|2gcpds |
| 690 | 07|aFederal programs|2gcpds |
| 690 | 07|aGovernment services|2gcpds |
| 775 | 08|tDernières nouvelles : |w(CaOODSP)9.501628 |
| 776 | 0#|tUpdate : |w(CaOODSP)9.515117 |